[Event "Pau op"]
[Site "Pau"]
[Date "2009.02.27"]
[Round "8"]
[White "Bandan, Taiwan"]
[Black "Rundstrom, Douglas"]
[Result "1-0"]
[WhiteElo "1710"]
[BlackElo "1885"]
[PlyCount "85"]
[EventDate "2009.02.24"]
[EventType "swiss"]
[EventRounds "9"]
[EventCountry "FRA"]
[SourceTitle "CBM 129 Extra"]
[Source "ChessBase"]
[SourceDate "2009.05.05"]
[SourceVersion "2"]
[SourceVersionDate "2009.05.20"]
[SourceQuality "1"]

1. d4 d5 2. Nf3 Nf6 3. Nbd2 g6 4. c4 c6 5. e3 Bg7 6. Be2 0-0 7. 0-0 Nbd7 8. cxd5 cxd5 9. b3 Re8 10. Bb2 Ne4 11. Nxe4 dxe4 12. Nd2 Nf6 13. Qc2 Bf5 14. Qc5 b6 15. Qc1 Rc8 16. Qd1 Qd6 17. a4 Red8 18. Ba3 Qb8 19. Bxe7 Rd7 20. Bxf6 Bxf6 21. Bc4 h5 22. Rc1 Bg5 23. Qc2 Qb7 24. Qc3 Rdc7 25. f4 Be7 26. Qb2 Bb4 27. h3 a6 28. Be2 Rc3 29. Nc4 Rxc1 30. Rxc1 Qc6 31. Rd1 Be6 32. Ne5 Qc3 33. Qxc3 Rxc3 34. d5 f6 35. Nc4 b5 36. dxe6 bxc4 37. Bxc4 Be7 38. Rd8+ Kg7 39. Rd7 Kf8 40. Kf2 Ke8 41. Bxa6 Bc5 42. Bb5 Rc2+ 43. Rd2+ 1-0

[Event "Pau op"]
[Site "Pau"]
[Date "2009.02.24"]
[Round "2"]
[White "Bandan, Taiwan"]
[Black "Dargagnon, Remi"]
[Result "0-1"]
[WhiteElo "1710"]
[BlackElo "2067"]
[PlyCount "116"]
[EventDate "2009.02.24"]
[EventType "swiss"]
[EventRounds "9"]
[EventCountry "FRA"]
[SourceTitle "CBM 129 Extra"]
[Source "ChessBase"]
[SourceDate "2009.05.05"]
[SourceVersion "2"]
[SourceVersionDate "2009.05.20"]
[SourceQuality "1"]

1. d4 e6 2. Nf3 Nf6 3. Bg5 c5 4. e3 b6 5. Bd3 Bb7 6. Nbd2 Be7 7. dxc5 bxc5 8. c4 Nc6 9. a3 h6 10. Bxf6 gxf6 11. 0-0 Qc7 12. Rb1 Rg8 13. e4 0-0-0 14. Qa4 Qf4 15. g3 f5 16. Kh1 Qd6 17. Qc2 Nd4 18. Nxd4 Qxd4 19. f3 d5 20. Nb3 Qe5 21. cxd5 exd5 22. Nxc5 Bxc5 23. Qxc5+ Kb8 24. exf5 Rc8 25. Qb4 Rc6 26. Rbe1 Qf6 27. Qf4+ Ka8 28. Re5 Rgc8 29. Qd4 Qg5 30. Qf4 Qd8 31. f6 Rxf6 32. Rf5 Rxf5 33. Qxf5 Qe7 34. Qf4 Rc6 35. Qd4 a6 36. b4 Re6 37. a4 Re1 38. b5 Qe3 39. Qxe3 Rxe3 40. bxa6 Rxd3 41. axb7+ Kxb7 42. f4 Rd2 43. Kg1 d4 44. Rf2 Rd1+ 45. Kg2 Ra1 46. Rb2+ Kc6 47. Kf3 Rxa4 48. Ke4 Kc5 49. Rc2+ Rc4 50. Rd2 Rc3 51. Rxd4 f5+ 52. Kxf5 Kxd4 53. Kg6 Rc6+ 54. Kh5 Ke4 55. h4 Kf5 56. g4+ Kxf4 57. g5 hxg5 58. hxg5 Rc5 0-1